Countries of Champions League Finalists - Statistics

General Stats
  • This quiz has been taken 42 times
  • The average score is 12 of 13
Answer Stats
UCL Finals Country % Correct
8 France
100%
19 Germany
100%
30 Italy
100%
31 Spain
100%
27 England
97%
9 Portugal
95%
8 Netherlands
92%
2 Scotland
89%
1 Belgium
86%
2 Romania
78%
1 Greece
76%
2 Yugoslavia
76%
1 Sweden
68%
No matching quizzes found
Score Distribution
Percent of People with Each Score
Percentile by Number Answered
Your Score History
You have not taken this quiz